000 00507nam a2200157 i 4500
001 83775
003 ES-MaACL
005 20230906174905.0
007 t|
008 041118s1910 fr ||||1| fre d
100 1 _aJacquemin, Alb.
_965875
245 1 3 _aLa matiere vivante et la vie
_b: (exposé de l'evolution générale : de l'Ether a l'Homme) /
_cAlb Jacquemin.
260 _aParis :
_b[s.n.],
_c1910 (
_eRenaix :
_fImp. Julien Leherte)
300 _aXLVI, 351 p. ;
_c22 cm.
852 _aES-MaACL
_jF-13336
999 _c83775
_d83775